| 000 | nam a22 a 4500 | ||
|---|---|---|---|
| 999 |
_c2692 _d2692 |
||
| 005 | 20170517152450.0 | ||
| 008 | 170517b1985 nyu||||| |||| 00| 0 eng d | ||
| 020 |
_a0471884995 _c£43.50 |
||
| 040 | _aAKMAL | ||
| 082 | 0 | 4 | _a635.014 SOU |
| 090 |
_a635.014 _bSOU |
||
| 100 | 1 |
_aSoule, James. _95662 |
|
| 245 | 1 | 0 |
_aGlossary for horticultural crops / _cJames Soule ; sponsored by the American Society for Horticultural Science. |
| 260 | _aNew York ; | ||
| 260 |
_aChichester : _b Wiley, _cc1985. |
||
| 300 |
_axxvi,898p. : _bill. ; _c27cm |
||
| 500 | _aBibliography: p679-692. _ Includes index. | ||
| 650 | 0 |
_aHorticulture _xTerminology. _95663 |
|
| 710 | 2 |
_aAmerican Society for Horticultural Science. _95664 |
|
| 852 | 7 | 1 |
_aBritish Library _bSTI |
| 942 |
_2ddc _cBOOK |
||